logo

Bir Sreshtho Munshi Abdur Rouf Library
Jhenaidah Cadet College

Programming in Pascal / (Record no. 8433)

MARC details
000 -LEADER
fixed length control field 00953nam a2200301 a 4500
001 - CONTROL NUMBER
JCCL Control Number 8433
003 - CONTROL NUMBER IDENTIFIER
JCCL marc code BD-JhCC
005 - DATE AND TIME OF LATEST TRANSACTION
control field 20180224172922.0
008 - FIXED-LENGTH DATA ELEMENTS--GENERAL INFORMATION
fixed length control field 890909s1989 nyua b 000 0 eng
020 ## - INTERNATIONAL STANDARD BOOK NUMBER
International Standard Book Number 0070651701
035 ## - SYSTEM CONTROL NUMBER
system control number (BD-JhCC)8433
040 ## - CATALOGING SOURCE
Original cataloging agency DLC
Transcribing agency DLC
Modifying agency DLC
041 ## - LANGUAGE CODE
Language code of Book eng
050 00 - LIBRARY OF CONGRESS CALL NUMBER
Classification number QA76.73.P2
Item number T72 1989
082 00 - DEWEY DECIMAL CLASSIFICATION NUMBER
Classification number 005.13/3
DDC Edition number 20
Author mark and Year TRE 1989
100 1# - MAIN ENTRY--PERSONAL NAME
Personal name Tremblay, Jean-Paul,
Dates associated with a name 1938-
245 10 - TITLE STATEMENT
Title Programming in Pascal /
Statement of responsibility, etc Jean-Paul Tremblay, John M. DeDourek.
250 ## - EDITION STATEMENT
Edition statement 2nd ed.
260 ## - PUBLICATION, DISTRIBUTION, ETC. (IMPRINT)
Place of publication, distribution, etc New York :
Name of publisher, distributor, etc McGraw-Hill Book Co.,
Date of publication, distribution, etc c1989.
300 ## - PHYSICAL DESCRIPTION
Pagination xiii, 498 p. :
Other physical details ill. ;
Dimensions 28 cm.
500 ## - GENERAL NOTE
General note Revision of: Structured PASCAL / Jean-Paul Tremblay, Richard B. Bunt, Lyle M. Opseth. c1980.
504 ## - BIBLIOGRAPHY, ETC. NOTE
Bibliography, etc Includes bibliographies.
650 #0 - SUBJECT ADDED ENTRY--TOPICAL TERM
Topical term or geographic name as entry element Pascal (Computer program language)
700 1# - ADDED ENTRY--PERSONAL NAME
Personal name DeDourek, John M.
700 1# - ADDED ENTRY--PERSONAL NAME
Personal name Tremblay, Jean-Paul,
Dates associated with a name 1938-
Title of a work Structured PASCAL.
942 ## - ADDED ENTRY ELEMENTS (KOHA)
Source of classification or shelving scheme Dewey Decimal Classification
Koha item type Books
Holdings
Source of classification or shelving scheme Damaged status Not for loan Home library Current library Shelving location Date of accession Source of acquisition Total Checkouts Full call number Barcode Date last seen Copy number Koha item type
Dewey Decimal Classification     JCC Rouf Library JCC Rouf Library General Stacks 02/24/2018 The Asia Foundation   005.13/3 TRE 1989 10888 02/24/2018 C - 1 Books

JCC Library | Contacts | JCC Home

Last Update on 23 September 2017
Copyright @ 2017-2020 JCC Rouf Library
Rouf Library, Jhenidah Cadet College (JCC), Bangladesh